| 000 | 00828nam a22002297a 4500 | ||
|---|---|---|---|
| 999 |
_c18044 _d18044 |
||
| 003 | AR-CdUCM | ||
| 008 | 190511b ||||| |||| 00| 0 spa d | ||
| 020 | _a84-8390-990-1 | ||
| 040 |
_aMUNICIPALIDAD PROVINCIAL DEL CUSCO _cBIBLIOTECA MUNICIPAL DEL CUSCO |
||
| 082 |
_a330 / _bP78 |
||
| 100 |
_aAltamirano, Teofilo _938392 |
||
| 245 | _aEl Perú frente al siglo XX / | ||
| 260 |
_aPerú : _bPontificia universidad católica del Perú, _c1995. |
||
| 300 |
_a670 páginas ; _c21 cm. |
||
| 505 | _aContenido : Economía, población y medio ambiente -- Sociedad, cultura y política -- Ciencias sociales, universidad y desarrollo ... | ||
| 650 |
_aCiencias sociales _91096 |
||
| 650 |
_aDesarrollo _92021 |
||
| 650 |
_aSiglo XX _98 |
||
| 700 |
_aAnderson, Jeanine _938393 |
||
| 942 |
_2ddc _cLIBROS |
||
| 945 |
_arah _d11/05/2019 |
||